| 000 -LEADER |
| fixed length control field |
00396nam a22001337a 4500 |
| 008 - FIXED-LENGTH DATA ELEMENTS--GENERAL INFORMATION |
| fixed length control field |
200313b ||||| |||| 00| 0 eng d |
| 100 ## - MAIN ENTRY--PERSONAL NAME |
| 9 (RLIN) |
2286 |
| Personal name |
Evans, James R. |
| 245 10 - TITLE STATEMENT |
| Title |
Total quality management: organization, and strategy |
| 250 ## - EDITION STATEMENT |
| Edition statement |
4th ed. |
| 260 ## - PUBLICATION, DISTRIBUTION, ETC. (IMPRINT) |
| Place of publication, distribution, etc |
New Delhi: |
| Name of publisher, distributor, etc |
Cengage Learning, |
| Date of publication, distribution, etc |
2009. |
| 300 ## - PHYSICAL DESCRIPTION |
| Extent |
xii,467p. |
| 650 #0 - SUBJECT ADDED ENTRY--TOPICAL TERM |
| Topical term or geographic name as entry element |
Total quality management |
| 942 ## - ADDED ENTRY ELEMENTS (KOHA) |
| Item type |
Books |